000 00430nam a2200181Ia 4500
001 23454
005 20260414150938.0
008 260414t2015||||xx |||||||||||||| ||spa||
041 _aESP
082 _a650.01513
_bO73
100 _aOrtíz Ramírez, Miky G.
_eAUT
245 0 _aMatemática financiera
_b
260 _c2015
300 _a294 páginas :
_c25 cm.
650 _aGEN
654 _aCCO
942 _cLIB
_dJUS
_fJUS
_2ddc
_n
999 _c23454
_d23454